Kształty państw w torcie urodzinowym – specjal na 19. urodziny - Statystyki

Ogólne statystyki
  • Ten quiz został rozwiązany 514 razy
  • Średni wynik to 8 z 19
Odpowiedzi na mapie
Odpowiedzi zakodowano w zielono-czerwonej skali na mapie do tego quizu, zgodnie z poniższymi procentami.
 
Statystyki odpowiedzi
Państwo % Poprawnych
Polska
94%
Argentyna
73%
Kuba
62%
Szwecja
58%
Albania
57%
Nowa Zelandia
54%
Kostaryka
46%
Stany Zjednoczone
45%
Sri Lanka
43%
Kambodża
33%
Ekwador
32%
Wielka Brytania
32%
Urugwaj
28%
Burundi
24%
Timor Wschodni
21%
Burkina Faso
20%
Zimbabwe
20%
Nauru
17%
Wyspy Salomona
11%
Nie znaleziono quizów pasujących do podanych kryteriów
Rozkład punktacji
Procent ludzi z każdym wynikiem
Percentyl według liczby udzielonych odpowiedzi
Twoja historia wyników
Nie rozwiązałeś tego quizu